Personnage des aventures de Tintin : le capitaine Haddock (Vol.2) - Statistiques

Statistiques générales
  • Ce quiz a été pris 93 fois
  • Le résultat moyen est 16 sur 22
Statistiques - réponses
Questions Réponses % Correct
Animal qui crache à plusieurs reprises à la figure du capitaine. Le lama
100%
Valet du capitaine Haddock. Nestor
99%
Ami et mécène de Tintin et du capitaine Haddock. Son enlèvement par les Incas a poussé Haddock à réenfiler son uniforme de marin alors qu'en tant que châtelain, il portait jusque là un costume de luxe. Tryphon Tournesol
97%
Enfant qui en fait voir de toutes les couleurs au capitaine Haddock. Abdallah
96%
Complétez cette réplique du capitaine : "C'est à la fois très simple et très _______." Compliqué
96%
Animal de compagnie qu'adopta le capitaine Haddock lorsqu'il est devenu châtelain, animal ennemi de Milou. Un chat (siamois)
96%
Accessoire typique des "nouveaux riches" pour se donner une fausse allure d'aristocrate, dont se dote le capitaine Haddock en devenant châtelain. Le monocle
94%
Complétez cette réplique du capitaine Haddock : "De toute cette histoire, je vous dis, moi, il y a une seule chose à retenir : ON N'EST VRAIMENT BIEN QUE SUR NOTRE BONNE VIEILLE ____." TERRE
93%
Complétez cette réplique du capitaine Haddock : "Sur la lune !... Alors que vous êtes déjà si souvent ___ la lune !..." Dans
90%
Port historiquement breton connu pour ses chantiers navals où Haddock a appris qu'on avait retrouvé la trace des ravisseurs du précédent. Saint-Nazaire
90%
Matière organique qui provient de l'accumulation et du vieillissement d'excréments et de cadavres d'oiseaux marins. Dupond demande au capitaine, la signification de ce terme avant que cela ne lui tombe précisément sur le chapeau. Le guano
81%
Produit qu'exporte la Syldavie, au grand dam du capitaine Haddock qui parle dès lors d'un peuple d'empoisonneurs. De l'eau minérale
79%
Unité d'infanterie légère de l'Armée d'Afrique ou volontaires catholiques internationaux qui ont combattu pour les États pontificaux contre les Chemises rouges de Garibaldi au moment des guerres de la réunification italienne. Il s'agissait également d'une insulte dans la bouche du capitaine Haddock à l'adresse de son ami scientifique (réponse #3), ce qui a mis ce dernier dans une colère monstre. Un zouave
70%
Animal pressé qui fonce droit sur le capitaine dans la jungle péruvienne, lui faisant exécuter un vol plané mémorable. Un tapir
66%
Directeur du Centre de recherche atomique de Sbrodj qui voyait le capitaine Haddock comme un homme d'une "trempe extraordinaire", "des caractères comme le vôtre sont rares, trop rares". Baxter
63%
Titre du faux livre du capitaine Haddock qui est en réalité une caisse dans laquelle il a dissimulé ses bouteilles de whisky pour pouvoir les emporter discètement dans la fusée lunaire : Traité d'_______. Astronomie
59%
Auteur-compositeur interprète de la chanson "Le Soleil et la lune" que chante Haddock après avoir été libéré des Incas par l'éclipse. Charles Trenet
57%
Fonction qu'occupait Haddock auprès des Dupondts dans la fusée lunaire. Garçon coiffeur
57%
Région du sud de l'Amérique du Sud où l'aventurier Antoine de Tounens avait créé un royaume éphémère. Au début d'Objectif Lune, Haddock dit abusivement que la personne avec qui il conversait au téléphone parlait comme un homme de cette région-là. La Patagonie
51%
Complétez cette réplique du capitaine Haddock après son premier verre de whisky dans la fusée lunaire : "Aaaaaaaaaaaah ! Je me sens déjà plus ______ !..." Instruit
47%
Ville du Chili qui fut pendant plusieurs décennies, le plus important port de la côte ouest de l'Amérique du Sud où jadis, les navires européens apportaient les cotonnades, des soieries des meubles, des articles de Paris pour en revenir chargés d'argent, d'étain, de cuivre et de cuirs. Elle a inspiré une chanson de marins composée en 1811 qu'entonne le capitaine Haddock lorsqu'il s'est extrait, ivre, de la fusée lunaire avec la ferme intention de rentrer dans son château. "Nous irons à _______". Valparaiso
46%
Interprète de la chanson de Paul Misraki "Tout va très bien, madame la marquise" en 1935, chanson dont se souvient le capitaine Haddock emprisonné par les Incas avec Tintin au Temple du Soleil. Ray Ventura
19%
Aucun quiz correspondant
Distribution des résultats
% des personnes avec chaque résultat
Percentile par nombre de réponses
Votre historique - résultats
Vous n’avez pas pris ce quiz